000 00798nam a2200253Ia 4500
003 OSt
005 20221005102941.0
006 a|||||r|||| 00| 0
007 ta
008 221004b |||||||| |||| 00| 0 hin d
024 _a31847
037 _cTextual
040 _aCRL
_cCRL
_bhin
041 _2hin
_ahin
082 _aO152,3MN161,19, M5
100 _aनागर, अमृतलाल
245 0 _aबूॅंद और समुद्र
246 _aBūॅanda aur samudra
260 _aइलाहाबाद
_bकिताब महल भारत
_c1985
300 _a583पृ.
_ccm.
650 _aहिन्दी कहानी
942 _hO152,3MN161,19, M5
_cTEXL
_2cc
999 _c1009130
_d1009130